Sports General Knowledge by Meast - Statistics

General Stats
  • This quiz has been taken 69 times
  • The average score is 10 of 20
Answer Stats
Hint Answer % Correct
How many times have the Boston Celtics won the Finals? 18
92%
How many schools has Rick Pitino coached for? 7
85%
Who is on the logo of the NBA? Jerry West
85%
How many conferences are there in the FBS? 10
81%
What was the last year the Brooklyn Nets made the playoffs? 2023
75%
What year did Big Papi win the Home Run Derby? 2010
72%
What team broke the “Curse of the Bambino” by winning the 2004 World Series? Boston Red Sox
68%
How many flags are on the World Series Trophy? 30
66%
What is the newest team to enter the NFL? Houston Texans
55%
What is the name of the NBA Finals trophy? The Larry O'Brien Trophy
55%
Who's logo only shows up on one side of their helmet? Pittsburgh Steelers
43%
Who won Super Bowl L? Denver Broncos
38%
Where did Jack Hughes go to college? Boston University / Northeastern University
32%
Referencing above, which coach led this team to 10 national championships in 12 years? John Wooden
30%
Who is the coach of the south carolina women's basketball team? Dawn Staley
23%
Who is the all time saves leader in the NHL? Martin Brodeur
21%
What group was started by basketball players in high school, such as Jahvon Quinerly, Isaiah Washington, and Ja'Quaye James? JellyFam
19%
Who is the only person to throw a perfect game in the world series? Don Larsen
15%
Who has the most amount of NCAA Basketball Championships? UCLA Bruins
11%
Who was the first American-born player to score 500 NHL goals? Joe Mullen
2%
No matching quizzes found
Score Distribution
Percent of People with Each Score
Percentile by Number Answered
Your Score History
You have not taken this quiz